000 01352cam a22003371 4500
001 gs 43000054
003 DLC
005 20260227111349.0
008 780228s1943 msuab 000 0 eng c
010 _ags 43000054
035 _a(OCoLC)3677640
040 _aU.S. Geol. survey. Library
_cOT
_dOCoLC
_dDLC
042 _apremarc
050 0 0 _aQE129
_b.A2 no. 52
082 _a553
110 2 _aMississippi Geological, Economic, and Topographical Survey.
245 1 0 _aChoctaw County mineral resources: Geology,
_cby Franklin Earl Vestal; Tests, by Thomas Edwin McCutcheon.
260 _aUniversity,
_c1943.
300 _a156 p.
_billus. (part fold.) fold. map, tables.
_c23 cm.
490 1 _aIts Bulletin
_v52
500 _a"Prepared in cooperation with the Choctaw County citizens and the WPA as a report on O.P. 65-1-62-137."
500 _aAt head of title: Mississippi State Geological Survey.
504 _a"References": p. 118-119.
650 0 _aMines and mineral resources
_zMississippi
_zChoctaw County.
650 0 _aGeology
_zMississippi
_zChoctaw County.
650 0 _aClay
_xTesting.
650 0 _aClay
_zMississippi
_zChoctaw County.
700 1 _aVestal, Franklin E.
_q(Franklin Earl),
_d1884-1969.
700 1 _aMcCutcheon, Thomas Edwin.
810 2 _aMississippi Geological, Economic, and Topographical Survey.
_tBulletin
_v52.
999 _c27897
_d27897